000 01135cab a2200241 4500
001 X91579
008 090401t1998 xxu||||| |||| 00| 0 eng d
035 _a(Sirsi) u86066
041 _aeng
245 _aSutton London BC v Junior Tennis Centres
260 _c1998
350 _a0
490 _aPlanning Appeal Decisions
_v(1998) 13 PAD 211-216(6)
520 _aNew indoor hall for six tennis courts - ancillary accommodation - car parking - unitary development plan - only publicly available indoor tennis facility in south-east London and Surrey - priority for juniors - sustainability - accessible by various means of public transport - Metropolitan Open Land - presumption against development - 4500 sq. m building - significance of loss of open space - whether any very special circumstances - PPGs 13, 17 - RPG 3 - green chain - conditions. HEADNOTE.
650 _aINDOOR TENNIS COURTS
650 _aPLANNING POLICY GUIDANCE NOTE 13
650 _aPPG17
650 _aRPG3
650 _aSUTTON LONDON BC V JUNIOR TENNIS CENTRES
690 _aPLANNING LAW AND PRACTICE-CASE LAW
942 _n0
948 _c07/05/1998
999 _c54143
_d54143